UGC NET/JRF/SET botany (Record no. 396031)

MARC details
000 -LEADER
fixed length control field 00542 a2200193 4500
005 - DATE & TIME
control field 20260217103205.0
008 - FIXED-LENGTH DATA ELEMENTS--GENERAL INFORMATION
fixed length control field 260216b |||||||| |||| 00| 0 eng d
020 ## - ISBN
International Standard Book Number 9788119497799
Price Rs. 2495.00
040 ## - CATALOGING SOURCE
Original cataloging agency VIVEKANANDA LIBRARY
082 ## - DDC NUMBER
Classification number 580.76
Book Number A35U
100 ## - MAIN ENTRY--PERSONAL NAME
Personal name Ashish Kumar, ed.
245 ## - TITLE STATEMENT
Title UGC NET/JRF/SET botany
260 ## - PUBLICATION, DISTRIBUTION, ETC. (IMPRINT)
Name of publisher, distributor, etc Paradise Publishers
Date of publication, distribution, etc 2026
Place of publication, distribution, etc Jaipur
300 ## - PHYSICAL DESCRIPTION
Pages 250
650 ## - Subject
Subject Botany- Examinations- Study Guides
650 ## - Subject
Subject Botany- Questions and Answers
650 ## - Subject
Subject UGC- NET- Competitive Examinations
942 ## - ADDED ENTRY ELEMENTS (KOHA)
Koha item type Books
Holdings
Withdrawn status Lost status Source of classification or shelving scheme Damaged status Not for loan Location (home branch) Sublocation or collection (holding branch) Shelving location Date acquired Koha issues (times borrowed) Koha full call number Accession No. Koha date last seen Copy number Koha item type
    Dewey Decimal Classification     VIVEKANANDA LIBRARY VIVEKANANDA LIBRARY Vivekananda Library 28/01/2026   580.76 A35U 444801 28/01/2026 V1 Books
    Dewey Decimal Classification     VIVEKANANDA LIBRARY VIVEKANANDA LIBRARY Vivekananda Library 17/02/2026   580.76 A35U 444804 17/02/2026 V4 Books
    Dewey Decimal Classification     VIVEKANANDA LIBRARY VIVEKANANDA LIBRARY Vivekananda Library 17/02/2026   580.76 A35U 444802 17/02/2026 V2 Books
    Dewey Decimal Classification     VIVEKANANDA LIBRARY VIVEKANANDA LIBRARY Vivekananda Library 17/02/2026   580.76 A35U 444803 17/02/2026 V3 Books
© Designed and Maintained by Vivekananda Library, MDU Rohtak